| 000 | 00788nam a2200229 a 4500 | ||
|---|---|---|---|
| 001 | 64568 | ||
| 003 | BD-RjUL | ||
| 005 | 20211209081325.0 | ||
| 008 | 170216s1974 bg ||||| |||| 00| d ben d | ||
| 020 | _cTk. 3.50 | ||
| 035 | _a(BD-RjUL)64698 | ||
| 040 |
_aBD-RjUL _bben _cBD-RjUL _dBD-RjUL |
||
| 041 | _aben | ||
| 082 |
_223 _a891.442 _bALS 1974 |
||
| 100 |
_aআল মামুন, আব্দুল্লাহ্ _9191511 |
||
| 245 | 1 | 0 |
_aসুবচন নির্বাসনে / _cআব্দুল্লাহ্ আল মামুন |
| 260 |
_aঢাকা : _bমুক্তধারা, _c১৯৭৪ |
||
| 300 |
_a[৮] ৫৩ পৃ ; _c২৩ সেমি. |
||
| 650 |
_aবাংলা নাটক _9171011 |
||
| 650 |
_aBengali Drama _9171012 |
||
| 942 |
_2ddc _cBK |
||
| 999 |
_c64568 _d64568 |
||